| 000 | 00889nam a22002417a 4500 | ||
|---|---|---|---|
| 999 |
_c164965 _d164965 |
||
| 005 | 20190715114021.0 | ||
| 010 | _aB-728357 | ||
| 020 |
_c999.00 _a9788131727249 |
||
| 035 | _aB-728357 | ||
| 037 | _bRK Books | ||
| 082 | _a621.381 | ||
| 100 | _aTocci,Ronald J. | ||
| 245 |
_aDigital systems: principles and applications / _cby Ronald J. Tocci, Neal S. Widmer [and] Gregory L. Moss |
||
| 250 | _a10th ed | ||
| 260 |
_aNew Delhi _bPearson _c2013 |
||
| 270 |
_a7th Floor, Knowledge Boulevard, A-8(A), Sector-62 _bNoida _e201309 |
||
| 300 |
_axix, 848p.: _c25cm(pbk) _bill. |
||
| 500 | _aincludes index | ||
| 700 |
_aWidmer, Neal S. _938132 |
||
| 700 | _aMoss, Gregory L. | ||
| 942 |
_2ddc _cEN _h621.381 _mTOC |
||